| 000 | 03133nam a2201141Ia 4500 | ||
|---|---|---|---|
| 001 | 10365 | ||
| 008 | 191123s9999 xx 000 0 und d | ||
| 041 | _aspa | ||
| 044 | _aag | ||
| 245 | 0 | _aCatálogo general del Museo de Bellas Artes de Rosario. | |
| 260 |
_aRosario : _bMuseo, _c1929. |
||
| 300 |
_a39 p. _bsin ilustrar |
||
| 500 | _aEl director doctor Antonio F. Cafferata. Es un inventario del patrimonio artístico del museo. No posee ilustraciones. | ||
| 650 | _aALICE, ANTONIO | ||
| 650 | _aBAIL, JOSE | ||
| 650 | _aBARBASAN, M. | ||
| 650 | _aBERISTAYN, JORGE | ||
| 650 | _aBERMUDEZ, JORGE | ||
| 650 | _aBERTOLE, EMILIA | ||
| 650 | _aBIGATTI, ALFREDO | ||
| 650 | _aBOTTI, ITALO | ||
| 650 | _aBRAWER, ADRIAN | ||
| 650 | _aBUTLER, FRAY GUILLERMO | ||
| 650 | _aCABABAS OTEIZA | ||
| 650 | _aCAFFERATA, FRANCISCO | ||
| 650 | _aCANDIA, DOMINGO | ||
| 650 | _aCHRISTOPHERSEN, ALEJANDRO | ||
| 650 | _aCORDIVIOLA, LUIS A. | ||
| 650 | _aCRAEYER, GASPAR DE | ||
| 650 | _aDOMINGO, F. | ||
| 650 | _aESCUELA DE GOYA | ||
| 650 | _aESCUELA ESPAÑOLA | ||
| 650 | _aESCUELA VENECIANA | ||
| 650 | _aESCULTURA | ||
| 650 | _aESQUIVEL, ANTONIO DE | ||
| 650 | _aFADER, FERNANDO | ||
| 650 | _aFIORAVANTI, JOSE | ||
| 650 | _aGRAMAJO GUTIERREZ, ALFREDO | ||
| 650 | _aGSELL, LAURENT | ||
| 650 | _aGUIDO, ALFREDO | ||
| 650 | _aGUTTERO, ALFREDO | ||
| 650 | _aJOURDAIN, ROGELIO | ||
| 650 | _aLAGLEYZE, PEDRO | ||
| 650 | _aLAGOS, ALBERTO | ||
| 650 | _aLARRAÑAGA, ENRIQUE DE | ||
| 650 | _aLLOVERAS, J. | ||
| 650 | _aLOPEZ CABRERA, R. | ||
| 650 | _aLOPEZ NAGUIL, GREGORIO | ||
| 650 | _aMADRAZO Y GARRETA, RAIMUNDO | ||
| 650 | _aMAILLAUD, FERNAND | ||
| 650 | _aMANZONI, IGNACIO | ||
| 650 | _aMARTEAU, AUGUSTO | ||
| 650 | _aMATHIS, LEONIE | ||
| 650 | _aMEDALLAS | ||
| 650 | _aMOISES, JULIO | ||
| 650 | _aMORENO CARBONERO, JOSE | ||
| 650 | _aMUSTO, MANUEL | ||
| 650 | _aNAVA, HECTOR | ||
| 650 | _aNAVAZIO, WALTER DE | ||
| 650 | _aOLIVE, AUGUSTO J. | ||
| 650 | _aOUVRARD, LUIS A. | ||
| 650 | _aPAGANI PACCI, JOSEFINA | ||
| 650 | _aPEDONE, ANTONIO | ||
| 650 | _aPELUSO, F. | ||
| 650 | _aPERLOTTI, LUIS | ||
| 650 | _aPINTO, OCTAVIO | ||
| 650 | _aPINTURA | ||
| 650 | _aPONS ARNAUD, F. | ||
| 650 | _aPRADILLA, F. | ||
| 650 | _aPRINS, ENRIQUE | ||
| 650 | _aRIGANELLI, AGUSTIN | ||
| 650 | _aRIPAMONTE, CARLOS P. | ||
| 650 | _aRIPAMONTI, CARLOS P. | ||
| 650 | _aROSALES Y MARTINEZ, EDUARDO | ||
| 650 | _aROSSI, ALBERTO M. | ||
| 650 | _aROVATTI, LUIS C. | ||
| 650 | _aRUIZ ACOSTA, JOSE | ||
| 650 | _aSIMONS, M. | ||
| 650 | _aSOTO ACEBAL, JORGE | ||
| 650 | _aSPILIMBERGO, LINO ENEA | ||
| 650 | _aTANOUX, A. | ||
| 650 | _aTENTI, PEDRO | ||
| 650 | _aVENA, ANGEL D. | ||
| 650 | _aVIDA, FRANCISCO | ||
| 650 | _aWEISS DE ROSSI, ANA | ||
| 650 | _aYRURTIA, ROGELIO | ||
| 650 | _aZUBIAURRE, RAMON DE | ||
| 650 | _aZUBIAURRE, VALENTIN DE | ||
| 902 | _aM | ||
| 903 | _am | ||
| 904 | _am | ||
| 907 | _aimpreso | ||
| 911 | _asin ilustrar | ||
| 912 | _a1929 | ||
| 942 | _cLIBRO | ||
| 999 |
_c8043 _d8043 |
||
| 550 | _asin ilustrar | ||